| 000 | 00578nab a2200217 a 4500 | ||
|---|---|---|---|
| 005 | 20210219161036.0 | ||
| 008 | 991125s1985 mx 000 0 spa u | ||
| 035 | _aUPN01000177448 | ||
| 222 | _aREVISTA IBEROAMERICANA DE EDUCACION | ||
| 245 | _aA unionzacao das politicas no contexto europeu | ||
| 260 | _aMadrid, España | ||
| 300 | _a93-110 | ||
| 362 | 0 | _a2008 No. 48, sept.-dic. | |
| 653 | 0 | _aPOLITICA EDUCATIVA | |
| 653 | 0 | _aEUROPA | |
| 653 | 0 | _aPOLITICA SOCIAL | |
| 653 | 0 | _aECONOMIA | |
| 700 | 1 | _aMárques, Fátima, | |
| 700 | 1 | _ecoaut. | |
| 905 | _aArticulo | ||
| 999 |
_c149551 _d149551 |
||